MARC

LEADER 00000cam a2200000 7i4500
001 0000019500
005 20071206.0
040 |a INS 
090 0 0 |a VO97 
110 1 |a Bengkel penilaian asas bagi penolong pegawai penilaian gred W27   |k 27 - 29 November 2006   |c INSPEN, Bangi 
245 0 0 |a Bengkel penilaian asas bagi penolong pegawai penilaian gred W27 - Modul 4 Pengambilan tanah :   |b 27 - 29 November 2006   |c Anjuran Pusat Penilaian dan Perkhidmatan Harta 
260 |a Bangi :   |b Institut Penilaian Negara ,   |c 2006 
300 |a 1 v. (mukasurat pelbagai) :   |b ill. ;   |c 30 cm. 
650 0 0 |a Penolong Pegawai Penilaian   |x Training of 
650 0 0 |a Valuation   |x Handbooks, manuals, etc. 
710 1 |a INSPEN (Institut Penilaian Negara) 
856 |u http://app.inspen.gov.my:7779/pls/portal/docs/PAGE/CORPORATEPAGES/PORTAL_INSPEN/NOTA_KURSUS/VO/R)%20BENGKEL%20PENILAIAN%20ASAS%20BAGI%20PEN%20PEG%20PENILAIAN%20W27%20MODUL%204-%20PENGAMBILAN%20TANAH.PDF 
999 |a VO00000159   |b BOOK   |c Course Notes   |e Default branch 
999 |a VO00000160   |b BOOK   |c Course Notes   |e Default branch 
999 |a VO00000199   |b BOOK   |c Course Notes   |e Default branch